00581nam a22001697a 450000500170000001000130001702000260003003500120005603700160006808200160008410000320010024500860013224600640021826000380028227000690032030000220038920220325121531.0 aUR-11494 c400.00a9788194863588 aU-10049 bDBAD/PUBa- a840.082Ist aا بر ا ہيم ا فسر aر شيد حسن خا ن کی ا د بی جہا ت c ا بر ا ہيم ا فسر bRasheed Hasan Khan Ki Adabi Jihat (Urdu)aby Ibraheem Afsar aN.DelhibIbraheem Afsarc2021ء  a1307/8,Kalan Mehal,Darya Ganj,bNew Delhie110002k9871202888l- a718 صc22 Cm(Hb)